[Event "St Petersburg Korchnoi Memorial op"]
[Site "St Petersburg"]
[Date "2024.08.22"]
[Round "9"]
[White "Zhirkov, Vladislav"]
[Black "Lebedev, Artem S"]
[Result "1/2-1/2"]
[WhiteElo "2159"]
[BlackElo "2051"]
[PlyCount "120"]
[EventDate "2024.08.17"]
[EventType "swiss"]
[EventRounds "9"]
[EventCountry "RUS"]
[SourceTitle "EXT 2025"]
[Source "ChessBase"]
[SourceDate "2024.10.14"]
[SourceVersion "1"]
[SourceVersionDate "2024.10.14"]
[SourceQuality "1"]

1. d4 Nf6 2. c4 e6 3. Nc3 Bb4 4. e3 0-0 5. Bd3 Re8 6. Nge2 d5 7. 0-0 Nbd7 8. Qb3 Bd6 9. cxd5 exd5 10. Nxd5 Nxd5 11. Qxd5 Nc5 12. Bxh7+ Kxh7 13. Qh5+ Kg8 14. dxc5 Re5 15. Qf3 Rf5 16. Nf4 Rxc5 17. e4 Qf6 18. Nd3 Bxh2+ 19. Kxh2 Qh4+ 20. Kg1 Rh5 21. Qxh5 Qxh5 22. Be3 b6 23. Rfd1 Be6 24. Nf4 Qe5 25. Nxe6 Qxe6 26. f3 Qe7 27. Kf2 Rd8 28. a3 Rxd1 29. Rxd1 c5 30. Rd2 a5 31. Rd5 Qf6 32. Rd2 Qc6 33. Rd8+ Kh7 34. Rd5 Qa4 35. Rd2 Qb3 36. g4 c4 37. Bd4 b5 38. Kg3 b4 39. axb4 axb4 40. Be5 f6 41. Bd4 Kg8 42. Kf2 c3 43. bxc3 bxc3 44. Re2 c2 45. Re1 Qa2 46. Rc1 Qc4 47. Be3 Qd3 48. Re1 Kf7 49. Bc1 Qd1 50. Be3 Ke6 51. Bf4 Kd7 52. Bc1 Qd6 53. Kg2 Kc6 54. Be3 Kb5 55. Bc1 Kc4 56. Be3 g5 57. Bc1 Qe7 58. Kf2 Qe5 59. Kg2 Kb3 60. Be3 Qd6 1/2-1/2

[Event "St Petersburg Korchnoi Memorial op"]
[Site "St Petersburg"]
[Date "2024.08.20"]
[Round "6"]
[White "Aleksandrov, Aleksej"]
[Black "Zhirkov, Vladislav"]
[Result "1-0"]
[WhiteElo "2408"]
[BlackElo "2159"]
[PlyCount "101"]
[EventDate "2024.08.17"]
[EventType "swiss"]
[EventRounds "9"]
[EventCountry "RUS"]
[SourceTitle "CBM 221 Extra"]
[Source "ChessBase"]
[SourceDate "2024.09.30"]
[SourceVersion "1"]
[SourceVersionDate "2024.09.30"]
[SourceQuality "1"]

1. d4 Nf6 2. c4 g6 3. Nc3 Bg7 4. e4 d6 5. h3 0-0 6. Be3 Nc6 7. d5 Ne5 8. f4 Ned7 9. g4 c6 10. Nf3 cxd5 11. cxd5 b5 12. a3 Bb7 13. Bd3 Re8 14. f5 a6 15. 0-0 Nf8 16. Qd2 N6d7 17. Qf2 e6 18. dxe6 fxe6 19. Rad1 Qc7 20. Bb1 exf5 21. exf5 gxf5 22. Ba2+ Kh8 23. Nd5 Bxd5 24. Bxd5 Rac8 25. Ng5 Ne5 26. Qxf5 Qd7 27. Bd4 Qxf5 28. Rxf5 Nfg6 29. Ne6 Re7 30. Kh2 Nh4 31. Nxg7 Kxg7 32. Rf2 Rec7 33. Kg3 Nhg6 34. h4 Rf8 35. Rxf8 Nxf8 36. Bc3 Kf6 37. Rf1+ Ke7 38. Bxe5 dxe5 39. Rf7+ Kd6 40. Rxc7 Kxc7 41. g5 Kd6 42. Be4 Ke6 43. b4 Kf7 44. Kg4 Kg7 45. Kf5 Ng6 46. h5 Nf4 47. h6+ Kh8 48. Kxe5 Ne2 49. Kd6 Nc3 50. Bc2 Na2 51. Kc5 1-0

[Event "St Petersburg Korchnoi Memorial op"]
[Site "St Petersburg"]
[Date "2024.08.20"]
[Round "7"]
[White "Zhirkov, Vladislav"]
[Black "Gusev, Kirill1"]
[Result "1/2-1/2"]
[WhiteElo "2159"]
[BlackElo "2058"]
[PlyCount "54"]
[EventDate "2024.08.17"]
[EventType "swiss"]
[EventRounds "9"]
[EventCountry "RUS"]
[SourceTitle "EXT 2025"]
[Source "ChessBase"]
[SourceDate "2024.10.14"]
[SourceVersion "1"]
[SourceVersionDate "2024.10.14"]
[SourceQuality "1"]

1. d4 d5 2. c4 c6 3. Nc3 Nf6 4. Nf3 e6 5. Bg5 h6 6. Bxf6 Qxf6 7. e3 g6 8. Bd3 dxc4 9. Bxc4 Nd7 10. 0-0 Bg7 11. e4 e5 12. d5 Nb6 13. Be2 0-0 14. a4 cxd5 15. a5 d4 16. axb6 dxc3 17. Rxa7 Rb8 18. Qb3 cxb2 19. Qxb2 Bd7 20. Qb4 Rfd8 21. h3 Qf4 22. Re1 Rdc8 23. Ra5 Ra8 24. Ra7 Rab8 25. Ra5 Ra8 26. Ra7 Rab8 27. Ra5 Ra8 1/2-1/2

[Event "RUS-chT U14 final"]
[Site "Sochi"]
[Date "2019.05.08"]
[Round "7.4"]
[White "Zhirkov, Vladislav"]
[Black "Ivanova, Maria1"]
[Result "1-0"]
[WhiteElo "1487"]
[BlackElo "1310"]
[PlyCount "85"]
[EventDate "2019.05.01"]
[EventType "team-tourn"]
[EventRounds "9"]
[EventCountry "RUS"]
[SourceTitle "CBM 190 Extra"]
[Source "ChessBase"]
[SourceDate "2019.07.15"]
[SourceVersion "1"]
[SourceVersionDate "2019.07.15"]
[SourceQuality "1"]

1. e4 e5 2. Nf3 Nf6 3. Nxe5 d6 4. Nf3 Nxe4 5. c4 Be7 6. d4 Bg4 7. Bd3 Nf6 8. Nc3 Nc6 9. Be3 a6 10. h3 Bh5 11. Be2 Qd7 12. a3 d5 13. c5 0-0 14. 0-0 b6 15. b4 Rfe8 16. Qb3 Red8 17. Rfd1 h6 18. Rab1 b5 19. Rb2 Na7 20. Ne5 Qe8 21. Bxh5 Nxh5 22. Nxd5 Rac8 23. Rbd2 Nf6 24. Nc3 Nd7 25. Nf3 Nf6 26. d5 Qf8 27. Bf4 Nd7 28. Ne4 c6 29. d6 Bf6 30. Nxf6+ gxf6 31. Nd4 Kh8 32. Nf5 h5 33. Re2 Re8 34. Re7 Rcd8 35. Qf3 Qg8 36. Nh6 Qg6 37. Nxf7+ Kg8 38. Qb3 Kf8 39. Bh6+ Qg7 40. Bxg7+ Kxg7 41. Qg3+ Kf8 42. Nh6 Rxe7 43. Qg8# 1-0

[Event "RUS-chT U14 final"]
[Site "Sochi"]
[Date "2019.05.07"]
[Round "6.4"]
[White "Shevtsova, Stefania"]
[Black "Zhirkov, Vladislav"]
[Result "1/2-1/2"]
[WhiteElo "1634"]
[BlackElo "1487"]
[PlyCount "117"]
[EventDate "2019.05.01"]
[EventType "team-tourn"]
[EventRounds "9"]
[EventCountry "RUS"]
[SourceTitle "CBM 190 Extra"]
[Source "ChessBase"]
[SourceDate "2019.07.15"]
[SourceVersion "1"]
[SourceVersionDate "2019.07.15"]
[SourceQuality "1"]

1. e4 c6 2. d4 d5 3. e5 Bf5 4. h4 Qb6 5. a4 a5 6. Nc3 h5 7. Nge2 e6 8. Ng3 Bg6 9. Nce2 c5 10. Nf4 cxd4 11. Bb5+ Nc6 12. Nxg6 fxg6 13. Ne2 Bc5 14. Nf4 Kf7 15. Bxc6 Qxc6 16. Qf3 Ne7 17. Nxh5+ Ke8 18. Ng3 Kd7 19. Qd3 Raf8 20. Bg5 Bb4+ 21. Bd2 Qc4 22. Qxc4 Bxd2+ 23. Kxd2 dxc4 24. Ke2 Rf4 25. h5 g5 26. f3 g4 27. Rad1 Nc6 28. Ne4 b6 29. b3 cxb3 30. cxb3 gxf3+ 31. gxf3 Rf5 32. Rhg1 Rh7 33. Rh1 Rxe5 34. Rdg1 Nb4 35. Kd2 Rf5 36. Rg3 Nd5 37. Ng5 Rh6 38. Ne4 Rfxh5 39. Rxg7+ Kc6 40. Rc1+ Nc3 41. Nxc3 dxc3+ 42. Rxc3+ Kd5 43. Rd3+ Kc5 44. Kc3 Rd5 45. Rxd5+ exd5 46. Rf7 Re6 47. Kd3 Kb4 48. Kd4 Kxb3 49. Kxd5 Rh6 50. Rf4 Ka3 51. Rc4 Kb3 52. Rf4 Kc3 53. Rc4+ Kb3 54. Rf4 Ka3 55. Re4 Rh5+ 56. Kc6 Rh6+ 57. Kd5 Rh5+ 58. Kc6 Rh6+ 59. Kd5 1/2-1/2